[Event "FRA-ch U12"]
[Site "Calvi"]
[Date "2005.04.17"]
[Round "1"]
[White "Dumas, Romain"]
[Black "Ider, Borya"]
[Result "0-1"]
[WhiteElo "1660"]
[BlackElo "1939"]
[PlyCount "98"]
[EventDate "2005.04.??"]
[EventType "swiss"]
[EventRounds "9"]
[EventCountry "FRA"]
[SourceTitle "EXT 2006"]
[Source "ChessBase"]
[SourceDate "2005.11.24"]
[SourceVersion "1"]
[SourceVersionDate "2005.11.24"]
[SourceQuality "1"]

1. e4 c6 2. d4 d5 3. e5 c5 4. c3 Nc6 5. Nf3 Bg4 6. Be2 e6 7. b3 Nge7 8. Bb2 Ng6 9. Na3 Bxf3 10. Bxf3 cxd4 11. Nc2 dxc3 12. Bxc3 Ngxe5 13. 0-0 Bd6 14. Re1 0-0 15. Rc1 Qf6 16. Ba1 Qf4 17. Bxe5 Nxe5 18. Nd4 Nc6 19. Nxc6 Qxh2+ 20. Kf1 bxc6 21. Rxc6 Bb4 22. Re3 Qh1+ 23. Ke2 Qxd1+ 24. Kxd1 Rac8 25. Ra6 Rc7 26. a3 Bc5 27. Rc3 Rfc8 28. Ke2 Bd4 29. Rxc7 Rxc7 30. Rd6 Kf8 31. Rd8+ Ke7 32. Rb8 Bb6 33. Rh8 h6 34. Rh7 Kf6 35. Rh8 Rc2+ 36. Ke1 Rxf2 37. Rb8 Rb2 38. b4 Ra2 39. Rc8 Rxa3 40. Bd1 Ra2 41. g4 d4 42. Rc4 Ke5 43. Rc1 Kf4 44. Bb3 Rh2 45. Bd1 Ke3 46. Kf1 d3 47. Kg1 Rb2 48. Kf1 Rh2 49. Kg1 Kd2+ 0-1